| 000 | 00439nam a2200169Ia 4500 | ||
|---|---|---|---|
| 008 | 131103s9999 xx 000 0 und d | ||
| 040 | _aLoreto College | ||
| 041 | _aEnglish | ||
| 082 |
_a891.43/VAJ _bLCLIB/20875 |
||
| 100 | _aVajpeyi.Bhagawati | ||
| 245 |
_aAdhikar ka presna _cBhagawati Vajpeyi |
||
| 260 |
_aDelhi _bS.Chand And Co. _c1965 |
||
| 300 |
_a153 p. _c 18 cm. |
||
| 650 | _aHindi Fiction | ||
| 850 | _aLCLIB | ||
| 942 | _cBK | ||
| 999 |
_c18002 _d68481 |
||